|
|
|
|
| LEADER |
00969cam a2200241 7i4500 |
| 001 |
0000071819 |
| 005 |
20221020090000.0 |
| 020 |
|
|
|a 9783030899523 (electronic book)
|
| 090 |
0 |
0 |
|a QA76
|b .W35 2022
|
| 100 |
1 |
|
|a Walter, Marcel
|
| 245 |
1 |
0 |
|a Design automation for field-coupled nanotechnologies
|c by Marcel Walter, Robert Wille, Frank Sill Torres, Rolf Drechsler.
|
| 264 |
|
|
|a Cham:
|b Springer,
|c 2022.
|
| 300 |
|
|
|a 1 online resource (xiii, 196 pages):
|b illustrations (black & white, color), text file, PDF.
|
| 336 |
|
|
|a text
|2 rdacontent
|
| 337 |
|
|
|a computer
|2 rdamedia
|
| 338 |
|
|
|a online resource
|2 rdacarrier
|
| 650 |
|
0 |
|a Embedded computer systems
|
| 650 |
|
0 |
|a Electronic data processing
|
| 655 |
|
0 |
|a Electronic books
|
| 856 |
4 |
2 |
|u http://library.unisel.edu.my/web/guest/mylibrary
|
| 997 |
|
|
|a Communication, Visual Art & Computing, Faculty
|b Computing, Department
|
| 998 |
|
|
|a Computer Science, Degree
|
| 999 |
|
|
|a EBO0014762
|b EBOOK
|c EBOOK
|e Electronic resources
|